[Event "Mittelrhein Verbandsliga Nord 1920"]
[Site "Mittelrhein"]
[Date "2020.02.16"]
[Round "6.2"]
[White "Huebner, Wolfgang"]
[Black "Messerschmidt, Jens"]
[Result "1/2-1/2"]
[WhiteElo "1988"]
[BlackElo "1897"]
[PlyCount "27"]
[EventDate "2019.09.29"]
[EventType "team-tourn"]
[EventRounds "9"]
[EventCountry "GER"]
[SourceTitle "EXT 2023"]
[Source "ChessBase"]
[SourceDate "2022.10.05"]
[SourceVersion "1"]
[SourceVersionDate "2022.10.05"]
[SourceQuality "1"]
[WhiteTeam "Klub Koelner SF III"]
[BlackTeam "Koeln Muelheim"]
[WhiteTeamCountry "GER"]
[BlackTeamCountry "GER"]

1. e4 d6 2. d4 Nf6 3. Nc3 g6 4. f4 Bg7 5. Nf3 c5 6. Be3 cxd4 7. Nxd4 0-0 8. Be2 Nc6 9. Qd2 Nd7 10. 0-0 Nxd4 11. Bxd4 Bxd4+ 12. Qxd4 Qb6 13. Qxb6 Nxb6 14. Nd5 1/2-1/2

[Event "Mittelrhein Verbandsliga Nord 1920"]
[Site "Mittelrhein"]
[Date "2019.10.27"]
[Round "2.2"]
[White "Schmitz, Andreas Arnold"]
[Black "Messerschmidt, Jens"]
[Result "1/2-1/2"]
[WhiteElo "2026"]
[BlackElo "1897"]
[PlyCount "125"]
[EventDate "2019.09.29"]
[EventType "team-tourn"]
[EventRounds "9"]
[EventCountry "GER"]
[SourceTitle "EXT 2023"]
[Source "ChessBase"]
[SourceDate "2022.10.05"]
[SourceVersion "1"]
[SourceVersionDate "2022.10.05"]
[SourceQuality "1"]
[WhiteTeam "Eikamp Freibauer"]
[BlackTeam "Koeln Muelheim"]
[WhiteTeamCountry "GER"]
[BlackTeamCountry "GER"]

1. e4 d6 2. d4 Nf6 3. Nc3 g6 4. f4 Bg7 5. Nf3 0-0 6. Bd3 c5 7. dxc5 dxc5 8. Be3 Qa5 9. Qd2 Rd8 10. Ne5 Be6 11. f5 gxf5 12. exf5 Bd5 13. Bh6 Qc7 14. Nf3 Bxh6 15. Qxh6 c4 16. Be2 Bxf3 17. gxf3 Kh8 18. Rg1 Rg8 19. Rxg8+ Nxg8 20. Qf8 Qxh2 21. 0-0-0 a5 22. Rd8 Qg1+ 23. Rd1 Qa7 24. Qxf7 Nc6 25. Qxc4 Qe3+ 26. Kb1 Rf8 27. Qe6 Qxe6 28. fxe6 Rf6 29. Ne4 Rxe6 30. Bd3 h6 31. Nc5 Re3 32. Nxb7 Rxf3 33. Be4 Rf6 34. Bxc6 Rxc6 35. Nxa5 Rd6 36. Rxd6 exd6 37. Nc4 d5 38. Ne3 Ne7 39. a4 d4 40. Ng2 Nc6 41. Kc1 Kg7 42. Kd2 Kf6 43. c3 Ke5 44. b4 Kd5 45. b5 Ne5 46. Kc2 dxc3 47. Kxc3 Kc5 48. Nf4 Nd7 49. Nd3+ Kb6 50. Kb4 h5 51. a5+ Ka7 52. Kc4 h4 53. Nf4 Kb7 54. Kd5 Nf6+ 55. Ke5 Nd7+ 56. Kd6 Nb6 57. a6+ Ka7 58. Nh3 Nc4+ 59. Kc5 Nb6 60. Nf2 Nd7+ 61. Kc6 Nb8+ 62. Kd5 Nxa6 63. bxa6 1/2-1/2

[Event "Mittelrhein Verbandsliga-N 17/18"]
[Site "Nordrheinwestfalen"]
[Date "2017.10.22"]
[Round "3.4"]
[White "Messerschmidt, Jens"]
[Black "Blomeyer, Peter"]
[Result "1/2-1/2"]
[WhiteElo "1874"]
[BlackElo "1794"]
[PlyCount "52"]
[EventDate "2017.09.10"]
[EventType "team-swiss"]
[EventRounds "11"]
[EventCountry "GER"]
[SourceTitle "EXT 2022"]
[Source "ChessBase"]
[SourceDate "2021.10.06"]
[SourceVersion "1"]
[SourceVersionDate "2021.10.06"]
[SourceQuality "1"]
[WhiteTeam "Koeln Muelheim"]
[BlackTeam "Leverkusen Koenigsspringer"]
[WhiteTeamCountry "GER"]
[BlackTeamCountry "GER"]

1. d4 d6 2. e4 Nf6 3. Bd3 e5 4. c3 c6 5. Nf3 Qc7 6. 0-0 Be7 7. h3 0-0 8. Qc2 Re8 9. Re1 Nbd7 10. Be3 Nf8 11. Nbd2 Ng6 12. dxe5 dxe5 13. Nf1 Nh5 14. Ng3 Ngf4 15. Nxh5 Nxh5 16. Rad1 Be6 17. b3 b5 18. c4 b4 19. c5 a5 20. Bc4 Bxc4 21. Qxc4 Red8 22. Qc2 g6 23. Re2 Rxd1+ 24. Qxd1 Rd8 25. Rd2 Rxd2 26. Qxd2 Ng7 1/2-1/2

[Event "Mittelrhein-chT 1112"]
[Site "Germany"]
[Date "2011.11.13"]
[Round "4.8"]
[White "Biedekoepper, Robert"]
[Black "Messerschmidt, Jens"]
[Result "1-0"]
[WhiteElo "2046"]
[BlackElo "1716"]
[PlyCount "115"]
[EventDate "2011.09.11"]
[EventType "team-tourn"]
[EventRounds "13"]
[EventCountry "GER"]
[SourceTitle "EXT 2013"]
[Source "ChessBase"]
[SourceDate "2012.11.22"]
[SourceVersion "1"]
[SourceVersionDate "2012.11.22"]
[SourceQuality "1"]
[WhiteTeam "Godesberg II"]
[BlackTeam "Koeln Muelheim"]
[WhiteTeamCountry "GER"]
[BlackTeamCountry "GER"]

1. d4 Nf6 2. c4 e6 3. Nc3 Bb4 4. Qb3 Bxc3+ 5. Qxc3 d5 6. Bg5 c6 7. Nf3 Ne4 8. Bxd8 Nxc3 9. Ba5 Ne4 10. e3 0-0 11. Bd3 f5 12. Ne5 Nd7 13. Bc7 Nxe5 14. Bxe5 Bd7 15. f3 Ng5 16. Rc1 Nf7 17. Bf4 Rac8 18. b4 g5 19. Bg3 Kg7 20. h4 h6 21. Kd2 Rh8 22. a4 dxc4 23. Bxc4 Kf6 24. Bb3 Ke7 25. Rc5 Kf6 26. Rhc1 Rhd8 27. Ke2 Ke7 28. e4 f4 29. Bf2 Kf6 30. g3 fxg3 31. Bxg3 Rg8 32. hxg5+ hxg5 33. Rh1 Rh8 34. Rcc1 Ke7 35. Rcg1 Rcg8 36. Bf2 a6 37. Be3 Rxh1 38. Rxh1 Rg7 39. Rg1 Kf8 40. Kd3 b5 41. a5 Ke7 42. f4 g4 43. Rg3 Nh6 44. Bd1 Kf7 45. Bd2 Ke7 46. Bc3 Rg6 47. Ke3 Rg8 48. Bd2 Rg6 49. Kf2 Kf7 50. Rg1 Ke7 51. Kg3 Kf7 52. Be3 Ke7 53. Rh1 Kf7 54. f5 Nxf5+ 55. exf5 exf5 56. Rh7+ Rg7 57. Bb3+ Kg6 58. Rh6# 1-0

[Event "NRW-ch U14"]
[Site "Kranenburg"]
[Date "2005.03.31"]
[Round "5"]
[White "Messerschmidt, Jens"]
[Black "Schwanbeck, Christoph"]
[Result "0-1"]
[WhiteElo "1366"]
[BlackElo "1480"]
[PlyCount "114"]
[EventDate "2005.03.28"]
[EventType "swiss"]
[EventRounds "7"]
[EventCountry "GER"]
[SourceTitle "CBM 105 Extra"]
[Source "ChessBase"]
[SourceDate "2005.05.01"]
[SourceVersion "1"]
[SourceVersionDate "2005.05.01"]
[SourceQuality "1"]

1. e4 c5 2. Nf3 Nc6 3. Nc3 d6 4. Bb5 Bd7 5. 0-0 g6 6. d3 Bg7 7. Bd2 a6 8. Bc4 b5 9. Bd5 Nf6 10. Bxc6 Bxc6 11. Re1 e5 12. b3 0-0 13. a4 b4 14. Ne2 Ne8 15. Ng3 f5 16. Ng5 f4 17. Ne6 Qf6 18. Nxf8 fxg3 19. fxg3 Qxf8 20. Rf1 Qe7 21. Qf3 Nc7 22. Rf2 Ne6 23. Be3 Be8 24. Raf1 Nd4 25. Bxd4 cxd4 26. g4 Rc8 27. Qg3 Bh6 28. Kh1 Be3 29. Re2 Bd7 30. Qf3 Be6 31. h3 Kg7 32. Kh2 Rc7 33. Kh1 Qd8 34. g3 d5 35. Kh2 Rf7 36. Qg2 Rxf1 37. Qxf1 dxe4 38. dxe4 Bc8 39. Re1 Qc7 40. Re2 Bb7 41. Qf3 Qc6 42. g5 Bxg5 43. Rf2 Qf6 44. Qe2 Qe7 45. Qf3 Be3 46. Re2 Qf6 47. Qxf6+ Kxf6 48. g4 Bxe4 49. Kg3 Bf4+ 50. Kf2 Bd5 51. Ke1 Kg5 52. Rf2 Bg3 53. Ke2 Bxf2 54. Kxf2 Kh4 55. g5 Kxh3 56. Kg1 e4 57. Kf2 e3+ 0-1